[Event "Druzynowe Mistrzostwa Polski Juniorow 2019 - II Liga"]
[Site "Szczyrk"]
[Date "1899-12-30"]
[Round "5.45"]
[White "Rainer, Piotr"]
[Black "Eigner, Jerzy"]
[Result "1/2-1/2"]
[WhiteTitle "I"]
[BlackTitle "II+"]
[WhiteElo "1445"]
[BlackElo "1516"]

1. e4 c5 2. Nf3 e6 3. d4 cxd4 4. Nxd4 Nf6 5. Nc3 Qb6 6. Nb3 Bb4 7. f3 d5 8. exd5
Nxd5 9. Qd3 O-O 10. Bd2 Rd8 11. Qe2 Bxc3 12. Bxc3 Nxc3 13. bxc3 Nc6 14. Qf2 e5
15. Qxb6 axb6 16. Bd3 Be6 17. Kf2 Na5 18. Nxa5 Rxa5 19. Rhd1 g6 20. a4 Rc5 21.
Ra3 f5 22. Ke3 Kg7 23. Rb1 Rd6 24. a5 Rcc6 25. Rb5 Kf6 26. h3 h5 27. axb6 Rxb6
28. Raa5 Rxb5 29. Rxb5 b6 30. Rb4 f4+ 31. Ke2 g5 32. Bc4 Bf5 33. Bd3 g4 34. hxg4
hxg4 35. Bxf5 Kxf5 36. Rc4 g3 37. Rc8 Rh6 38. Rf8+ Ke6 39. Rb8 Kd5 40. Kd3 Rh2
41. Rxb6 Rxg2 42. c4+ Kc5 43. Re6 Rf2 44. Rxe5+ Kd6 45. Rd5+ Ke6 46. Ke4 g2 47.
Rg5 Rxc2 48. Kxf4 Rxc4+ 49. Ke3 Rc2 1/2-1/2

[Event "Druzynowe Mistrzostwa Polski Juniorow 2019 - II Liga"]
[Site "Szczyrk"]
[Date "1899-12-30"]
[Round "5.46"]
[White "Komendecki, Antoni"]
[Black "Micula, Jakub"]
[Result "1-0"]
[WhiteTitle "II"]
[BlackTitle "II+"]
[WhiteElo "1416"]
[BlackElo "1320"]

1. e4 c5 2. Nf3 d6 3. d4 cxd4 4. Nxd4 Nf6 5. Nc3 a6 6. Bg5 e6 7. Qf3 Be7 8. O-O-O
Qc7 9. Be2 O-O 10. Qg3 Kh8 11. f4 Nbd7 12. Bf3 Rb8 13. Rhe1 b5 14. e5 dxe5 15.
Nc6 e4 16. Nxb8 exf3 17. Nxd7 Bxd7 18. gxf3 b4 19. Ne4 Rc8 20. Re2 Nh5 21. Qh4
Qc4 22. Rg2 Bxg5 23. Qxg5 Qxa2 24. Rxd7 Qa1+ 25. Kd2 Rxc2+ 26. Kxc2 Qa4+ 27. Kc1
Qa1+ 28. Kd2 Qxb2+ 29. Ke1 Qc1+ 30. Rd1 Qe3+ 31. Re2 Qb6 32. Rd8+ Qxd8 33. Qxd8#
1-0

[Event "Druzynowe Mistrzostwa Polski Juniorow 2019 - II Liga"]
[Site "Szczyrk"]
[Date "1899-12-30"]
[Round "5.47"]
[White "Zablocka, Katarzyna"]
[Black "Lascar, Maria Elena"]
[Result "1/2-1/2"]
[WhiteTitle "I"]
[BlackTitle "I+"]
[WhiteElo "1255"]
[BlackElo "1590"]

1. e4 c5 2. Nf3 e6 3. d4 cxd4 4. Nxd4 Nf6 5. Nc3 Qb6 6. Be2 Bb4 7. O-O Bxc3 8.
bxc3 Nxe4 9. Qd3 f5 10. Ba3 a6 11. Qh3 g6 12. Qh4 Qd8 13. Qxd8+ Kxd8 14. Bb2 Nc6
15. f3 Nf6 16. Rfd1 Nxd4 17. cxd4 d5 18. Ba3 Bd7 19. Bd6 Rc8 20. Bd3 Rc6 21. Be5
Rf8 22. Rab1 Bc8 23. a4 Nd7 24. Bg3 Nb6 25. Rb4 Rf7 26. Rdb1 Nc4 27. Bxc4 dxc4
28. Be5 Rd7 29. c3 Rd5 30. Kf2 Ke7 31. Ke2 g5 32. g3 Ra5 33. Kd2 Kf7 34. f4 g4
35. Kc2 Rd5 36. R1b2 Ra5 1/2-1/2

[Event "Druzynowe Mistrzostwa Polski Juniorow 2019 - II Liga"]
[Site "Szczyrk"]
[Date "1899-12-30"]
[Round "5.48"]
[White "Salamon, Julia"]
[Black "Gaczol, Julia"]
[Result "0-1"]
[WhiteTitle "I"]
[BlackTitle "I"]
[WhiteElo "1273"]
[BlackElo "1338"]

1. d4 f5 2. c4 Nf6 3. Nf3 e6 4. e3 b6 5. Nc3 Bb4 6. Be2 O-O 7. O-O Bxc3 8. bxc3
Qe7 9. Qc2 d6 10. Rd1 Bb7 11. h3 c5 12. d5 Ne4 13. Qd3 e5 14. Qc2 Nd7 15. Bd3
Ndf6 16. Rf1 g6 17. h4 Qg7 18. g3 h6 19. Kg2 g5 20. hxg5 hxg5 21. Rh1 Bc8 22.
Bb2 Ng4 23. Raf1 Nexf2 24. Rxf2 Nxf2 25. Kxf2 e4 26. Be2 exf3 27. Bxf3 Rf6 28.
Qa4 Qf7 29. Bh5 Qe7 30. Bf3 Bb7 31. Qd1 Re8 32. Qd2 Ba6 33. Bh5 Ref8 34. Be2 R8f7
35. Qe1 Rg7 36. Bc1 Qe4 37. Qd1 Bxc4 38. Bxc4 Qxc4 39. Qb3 Qe4 40. Qd1 Qc4 41.
Qb3 Qd3 42. Rd1 Qe4 43. c4 Rh7 44. Qd3 Rh2+ 45. Ke1 Qg2 46. Qf1 Rh1 47. Qxh1 Qxh1+
48. Kd2 Qg2+ 49. Kc3 Qxg3 50. Rd3 Qe5+ 51. Kc2 Qe4 52. Kc3 Rh6 53. Rd1 Rh1 54.
Rxh1 Qxh1 55. Bd2 g4 0-1

[Event "Druzynowe Mistrzostwa Polski Juniorow 2019 - II Liga"]
[Site "Szczyrk"]
[Date "1899-12-30"]
[Round "5.49"]
[White "Krawczyk, Wojciech"]
[Black "Radecki, Adam"]
[Result "1-0"]
[WhiteTitle "I"]
[BlackTitle "I"]
[WhiteElo "1780"]
[BlackElo "1803"]

1. d4 Nf6 2. c4 g6 3. Nc3 d5 4. cxd5 Nxd5 5. e4 Nxc3 6. bxc3 Bg7 7. Bc4 c5 8. Ne2
Nc6 9. Be3 O-O 10. O-O Bg4 11. f3 Bd7 12. Rb1 Qc7 13. Qd3 a6 14. Bb3 Rfd8 15.
Qc4 e6 16. Qxc5 b5 17. d5 exd5 18. exd5 Bf8 19. Qb6 Qxb6 20. Bxb6 Ne5 21. Bxd8
Rxd8 22. Rfd1 Bf5 23. Ra1 Bc5+ 24. Nd4 Nc4 25. g4 Bc8 26. Bxc4 bxc4 27. Kg2 Rxd5
28. Rab1 Bxd4 29. Rb8 Rc5 30. cxd4 Rc7 31. d5 c3 32. d6 c2 33. Rc1 1-0

[Event "Druzynowe Mistrzostwa Polski Juniorow 2019 - II Liga"]
[Site "Szczyrk"]
[Date "1899-12-30"]
[Round "5.50"]
[White "Distel, Pawel"]
[Black "Wrona, Florian"]
[Result "1/2-1/2"]
[WhiteTitle "I"]
[BlackTitle "I"]
[WhiteElo "1675"]
[BlackElo "1567"]

1. e4 e5 2. Nf3 Nc6 3. Bb5 Nf6 4. d3 d6 5. c3 Bd7 6. O-O Be7 7. Nbd2 O-O 8. Re1
h6 9. h3 Nh7 10. d4 exd4 11. cxd4 Ng5 12. Nxg5 Bxg5 13. Nf3 Bxc1 14. Rxc1 Ne7
15. Bd3 Ng6 16. Qd2 Rc8 17. b4 Nh4 18. Qf4 Nxf3+ 19. Qxf3 Qg5 20. Rc2 c6 21. e5
d5 22. Kh2 Be6 23. Qe3 Qxe3 24. Rxe3 f5 25. exf6 Rxf6 26. g4 Kf7 27. Kg3 g5 28.
Rce2 b6 29. Re5 c5 30. bxc5 bxc5 31. dxc5 Rxc5 32. Bf5 Rc3+ 33. Kg2 Rc6 34. Rd2
Bxf5 35. gxf5 Rfd6 36. Rexd5 Rxd5 1/2-1/2

[Event "Druzynowe Mistrzostwa Polski Juniorow 2019 - II Liga"]
[Site "Szczyrk"]
[Date "1899-12-30"]
[Round "5.51"]
[White "Knapik, Kamil"]
[Black "Kubik, Rafal"]
[Result "1-0"]
[WhiteTitle "II+"]
[BlackTitle "II+"]
[WhiteElo "1583"]
[BlackElo "1473"]

1. d4 Nf6 2. Nf3 d5 3. Bf4 c5 4. e3 Nc6 5. c3 Qb6 6. Qc1 cxd4 7. exd4 Bf5 8. Nbd2
e6 9. Be2 Be7 10. O-O h6 11. h3 O-O 12. Re1 Rac8 13. Nf1 Be4 14. Qd2 Na5 15. Ng3
Bxf3 16. gxf3 Nh7 17. Kh1 Nc6 18. Rg1 g5 19. Nh5 Kh8 20. Be3 Rg8 21. f4 f5 22.
fxg5 hxg5 23. f4 Qd8 24. Raf1 Nf6 25. Nxf6 Bxf6 26. Qe1 gxf4 27. Bxf4 Qe7 28.
Bb5 a6 29. Bxc6 bxc6 30. Be5 Bxe5 31. Qxe5+ Kh7 32. Rxg8 Rxg8 33. Rxf5 Rg6 34.
Rh5+ Rh6 35. Rxh6+ Kxh6 36. Qf4+ Kh7 37. Kg2 Qb7 38. b3 Qg7+ 39. Qg3 Qh6 40. Qf2
Qg5+ 41. Kh2 Qg6 42. Qh4+ Kg7 43. Qg4 Qxg4 44. hxg4 Kf6 45. Kg3 e5 46. dxe5+ Kxe5
47. Kf3 c5 48. b4 cxb4 49. cxb4 d4 50. Ke2 Ke4 51. a4 d3+ 52. Kd2 Kf4 53. b5 1-0

[Event "Druzynowe Mistrzostwa Polski Juniorow 2019 - II Liga"]
[Site "Szczyrk"]
[Date "1899-12-30"]
[Round "5.52"]
[White "Karwot, Marek"]
[Black "Szlosarczyk, Hubert"]
[Result "1/2-1/2"]
[WhiteTitle "II"]
[BlackTitle "I"]
[WhiteElo "1107"]
[BlackElo "1549"]

1. e4 e6 2. d4 d5 3. Nc3 Bb4 4. exd5 exd5 5. Bd3 Nf6 6. Nge2 O-O 7. O-O c6 8. a3
Bd6 9. Bf4 Bg4 10. Qd2 Qc7 11. Bxd6 Qxd6 12. f3 Bh5 13. Nf4 Bg6 14. Nxg6 hxg6
15. Ne2 Nbd7 16. Qf4 Qxf4 17. Nxf4 Rfe8 18. h4 Nb6 19. b3 Re7 20. Rfe1 Rae8 21.
Rxe7 Rxe7 22. Kf2 Nc8 23. g4 Nd6 24. Re1 Rxe1 25. Kxe1 a6 26. a4 b5 27. a5 Nb7
28. b4 Nd6 29. c3 Kf8 30. Kf2 Ke7 31. Kg3 Nfe8 32. Kf2 Nc7 33. Kg3 Nc4 34. Bxc4
bxc4 35. g5 Nb5 36. Ne2 Ke6 37. Kf4 Na3 38. Kg4 Nb1 39. Nf4+ Ke7 40. Ne2 Nd2 41.
Ng3 Ke6 42. Kf4 Nb3 43. Ne2 Na1 44. Kg4 Nc2 45. Nf4+ Ke7 46. Ng2 Na1 47. Nf4 Nb3
48. Ne2 Nd2 49. Ng3 Kd7 50. Ne2 Nf1 51. Kf4 Ke6 52. Nc1 Nd2 53. Ne2 Nb1 54. Kg4
Kd6 55. Kg3 Na3 56. Nf4 Nb5 57. Ne2 Kd7 58. Kg4 Ke7 59. Kf4 Ke6 60. Kg4 Nd6 61.
Ng3 Ke7 62. Kf4 Nb5 63. Ne2 Na3 64. Kg4 Nc2 65. Kf4 Ne1 66. Kg4 Ng2 67. Kg3 Ne3
68. Kf4 Ng2+ 69. Kg3 Ne1 70. Kg4 Nd3 71. Ng1 Nf2+ 72. Kf4 Nd3+ 73. Kg4 Nf2+ 74.
Kf4 Nd3+ 75. Kg4 Nf2+ 76. Kf4 Nd3+ 77. Kg4 Nf2+ 78. Kf4 Nd3+ 79. Kg4 Nf2+ 1/2-1/2

[Event "Druzynowe Mistrzostwa Polski Juniorow 2019 - II Liga"]
[Site "Szczyrk"]
[Date "1899-12-30"]
[Round "5.53"]
[White "Czarnecka, Lidia"]
[Black "Robakowska, Paulina"]
[Result "1-0"]
[WhiteTitle "I++"]
[BlackTitle "I"]
[WhiteElo "1731"]
[BlackElo "1291"]

1. e4 c5 2. Nf3 Nc6 3. d4 cxd4 4. Nxd4 Nf6 5. Nc3 e5 6. Ndb5 d6 7. Bg5 a6 8. Na3
b5 9. Nd5 Be7 10. Bxf6 Bxf6 11. c3 O-O 12. Be2 Rb8 13. Nc2 Kh8 14. O-O Bg5 15.
Qd3 Ne7 16. Nce3 Bxe3 17. Nxe3 f5 18. Rad1 Rb6 19. exf5 Bxf5 20. Nxf5 Rxf5 21.
Bg4 Rf6 22. Qe3 Qc7 23. Bf3 Rb8 24. Rd2 Qb6 25. Re1 Qxe3 26. Rxe3 g5 27. Be4 Ng6
28. Red3 Rb6 29. g3 Kg7 30. Bd5 Ne7 31. Bb3 a5 32. Kg2 Ra6 33. c4 bxc4 34. Bxc4
Rb6 35. b3 h6 36. Bd5 Rb5 37. Be4 Rb4 38. f3 Rb6 39. Rc3 Ng6 40. Rd5 Ra6 41. Bd3
Ra7 42. Bxg6 Kxg6 43. Rc6 Rd7 44. Ra6 Kf7 45. Raxa5 Ke6 46. b4 Rdf7 47. Rd3 Rb7
48. a3 Rff7 49. b5 Rb6 50. a4 Rc7 51. Rd2 d5 52. Ra8 d4 53. Rb2 Rc5 54. Rd8 Ke7
55. Rh8 Kd7 56. Kf2 Rd5 57. Rh7+ Kd8 58. Ke2 Rf6 59. a5 d3+ 60. Ke3 Kc8 61. b6
Rf8 62. a6 Ra5 63. a7 1-0

[Event "Druzynowe Mistrzostwa Polski Juniorow 2019 - II Liga"]
[Site "Szczyrk"]
[Date "1899-12-30"]
[Round "5.54"]
[White "Czerwinska, Oliwia"]
[Black "Slusarczyk, Anna"]
[Result "1-0"]
[WhiteTitle "I"]
[BlackTitle "I"]
[WhiteElo "1345"]
[BlackElo "1328"]

1. e4 c5 2. c3 e6 3. d4 d5 4. e5 Nc6 5. Nf3 h6 6. a3 cxd4 7. cxd4 Bd7 8. Be2 Nge7
9. Nc3 Rc8 10. Be3 Nf5 11. Rc1 Nxe3 12. fxe3 Be7 13. O-O Bg5 14. Qd2 O-O 15. b4
a6 16. Bd3 Qe7 17. Qf2 Rc7 18. h4 Rfc8 19. hxg5 Nxb4 20. axb4 Rxc3 21. Rxc3 Rxc3
22. Qd2 Qxb4 23. Rc1 Rxc1+ 24. Qxc1 Bc6 25. gxh6 gxh6 26. Kf2 a5 27. Qb1 Qc3 28.
Qc2 Qb4 29. Qb1 Qc3 30. Bb5 a4 31. Bxc6 bxc6 32. Qa2 a3 33. Nd2 Qb2 34. Qxb2 axb2
35. Ke2 Kg7 36. Kd3 Kg6 37. Kc2 Kg5 38. Kxb2 Kg4 39. Nf1 Kf5 40. Kc3 h5 41. Kd2
h4 42. Ke2 Ke4 43. Nd2+ Kf5 44. Kf3 Kg5 45. Nb3 Kf5 46. Na5 Kg5 47. Nxc6 Kf5 48.
Nd8 f6 49. exf6 Kxf6 50. Kg4 e5 51. Kxh4 exd4 52. exd4 Kf5 53. g4+ Kg6 54. Nc6
Kf6 55. Kh5 Kg7 56. Kg5 Kg8 57. Ne7+ Kg7 58. Nxd5 Kf8 59. Kf6 Kg8 60. Ne7+ Kh8
61. d5 Kh7 62. d6 1-0

[Event "Druzynowe Mistrzostwa Polski Juniorow 2019 - II Liga"]
[Site "Szczyrk"]
[Date "1899-12-30"]
[Round "5.55"]
[White "Rudzinska, Michalina"]
[Black "Majdanski, Maksymilian"]
[Result "1-0"]
[WhiteTitle "WFM"]
[BlackTitle "I"]
[WhiteElo "2143"]
[BlackElo "1767"]

1. e4 e5 2. Nf3 Nc6 3. Bb5 a6 4. Ba4 Nf6 5. Qe2 b5 6. Bb3 Bc5 7. c3 d6 8. O-O O-O
9. Rd1 Bg4 10. d3 h6 11. h3 Bxf3 12. Qxf3 Bb6 13. Nd2 Na5 14. Bc2 c5 15. Nf1 Nc6
16. Ng3 Nh7 17. Nf5 Ne7 18. a4 Nxf5 19. exf5 d5 20. axb5 axb5 21. Rxa8 Qxa8 22.
Qg3 Kh8 23. Qxe5 Re8 24. Qg3 Re2 25. Bd2 Qe8 26. Kf1 d4 27. Qf3 Re5 28. Qb7 Bd8
29. Bf4 Re2 30. Bb3 c4 31. dxc4 d3 32. Qxb5 Qe4 33. Qd5 Qxf4 34. Qxd8+ Nf8 35.
Qd4 Qh2 36. Qxd3 Rxb2 37. Bc2 Qh1+ 38. Ke2 Qxg2 39. Rd2 Rb8 40. Qe3 Qc6 41. Rd4
Nd7 42. Qe4 Qc7 43. Qe7 Rb2 44. Kd2 Qh2 45. Kc1 Rb8 46. Rxd7 Qh1+ 47. Kd2 1-0

[Event "Druzynowe Mistrzostwa Polski Juniorow 2019 - II Liga"]
[Site "Szczyrk"]
[Date "1899-12-30"]
[Round "5.56"]
[White "Kowalski, Kacper"]
[Black "Wierzbicki, Michal"]
[Result "0-1"]
[WhiteTitle "II"]
[BlackTitle "I+"]
[WhiteElo "1317"]
[BlackElo "2007"]

1. e4 e6 2. d4 d5 3. Nd2 Nc6 4. Ngf3 Nf6 5. e5 Nd7 6. Bd3 Nb4 7. Be2 c5 8. c3 Nc6
9. Bd3 Qb6 10. Qa4 cxd4 11. cxd4 f6 12. exf6 Nxf6 13. O-O Bd7 14. Bb5 Bd6 15.
Bxc6 bxc6 16. Qc2 O-O 17. Nb3 Rae8 18. Re1 Ne4 19. Be3 Qc7 20. h3 Rf5 21. Nc5
Bxc5 22. dxc5 e5 23. Nd2 Nxd2 24. Bxd2 Ref8 25. Re2 Qd8 26. f3 Qf6 27. Rf2 Qh4
28. Raf1 Rh5 29. g4 Bxg4 30. fxg4 Qg3+ 31. Rg2 Rxf1+ 32. Kxf1 Qf3+ 33. Kg1 Rxh3
34. Bc3 Qe3+ 35. Qf2 Qc1+ 36. Be1 Re3 37. Qf5 Rxe1+ 0-1

[Event "Druzynowe Mistrzostwa Polski Juniorow 2019 - II Liga"]
[Site "Szczyrk"]
[Date "1899-12-30"]
[Round "5.57"]
[White "Czarniecki, Pawel"]
[Black "Tarawski, Adrian"]
[Result "1-0"]
[WhiteTitle "II"]
[BlackTitle "II+"]
[WhiteElo "1508"]
[BlackElo "1562"]

1. d4 Nf6 2. c4 g6 3. Nc3 Bg7 4. Nf3 O-O 5. Bg5 d6 6. e3 Nbd7 7. Be2 Re8 8. O-O
c6 9. Qc2 Qc7 10. Rfd1 e5 11. dxe5 dxe5 12. Nd2 Nc5 13. b4 Ne6 14. Bh4 g5 15.
Bg3 Nf4 16. h3 Nxe2+ 17. Nxe2 Qe7 18. c5 Nd5 19. Rab1 f5 20. e4 Nf4 21. Bxf4 exf4
22. f3 fxe4 23. fxe4 h6 24. Re1 Be6 25. Rbd1 Qf7 26. Nc1 Rad8 27. Ndb3 Qh5 28.
Rd3 Rf8 29. Rf1 Be5 30. Rxd8 Rxd8 31. Nd3 Bg7 32. Rf3 Qg6 33. Nd2 Bd4+ 34. Kh2
Be3 35. Ne5 Qg7 36. Ndc4 h5 37. g4 fxg3+ 38. Kg2 Bxh3+ 39. Kxg3 Bf4+ 40. Kf2 Bxe5
41. Rxh3 Rf8+ 42. Kg2 Bd4 43. Ne3 Bxe3 44. Rxe3 Qf7 45. Qe2 g4 1-0

[Event "Druzynowe Mistrzostwa Polski Juniorow 2019 - II Liga"]
[Site "Szczyrk"]
[Date "1899-12-30"]
[Round "5.58"]
[White "Lochinski, Pawel"]
[Black "Pieczulis, Blazej"]
[Result "0-1"]
[WhiteTitle "II"]
[BlackTitle "I"]
[WhiteElo "1138"]
[BlackElo "1480"]

1. e4 e6 2. d4 d5 3. Nd2 Nf6 4. e5 Nfd7 5. Bd3 c5 6. c3 Nc6 7. Ne2 a6 8. f4 b5
9. O-O Qb6 10. Nf3 Bb7 11. f5 c4 12. fxe6 fxe6 13. Bc2 Ncxe5 14. Nxe5 Nxe5 15.
Kh1 Nd7 16. Nf4 O-O-O 17. Qe2 Re8 18. b3 Qc6 19. bxc4 dxc4 20. a4 Bd6 21. Re1
Bxf4 22. Bxf4 Nf6 23. axb5 axb5 24. Qe5 Qxg2# 0-1

[Event "Druzynowe Mistrzostwa Polski Juniorow 2019 - II Liga"]
[Site "Szczyrk"]
[Date "1899-12-30"]
[Round "5.59"]
[White "Choinska, Debora"]
[Black "Zalucka, Emilia"]
[Result "1/2-1/2"]
[WhiteTitle "I++"]
[BlackTitle "I"]
[WhiteElo "1737"]
[BlackElo "1440"]

1. e4 e5 2. Nf3 Nc6 3. c3 d5 4. Qa4 Bd7 5. exd5 Nd4 6. Qd1 Nxf3+ 7. Qxf3 Nf6 8.
d4 exd4 9. cxd4 Bb4+ 10. Nc3 Qe7+ 11. Qe3 Qxe3+ 12. fxe3 Nxd5 13. Bd2 Nf6 14.
Bd3 Bc6 15. O-O O-O 16. a3 Bxc3 17. Bxc3 Ne4 18. Bc4 b5 19. Bb3 a5 20. Rac1 Bb7
21. Be1 c6 22. Ba2 g5 23. h4 h6 24. Bb1 f5 25. hxg5 hxg5 26. g4 Nf6 27. gxf5 Rfe8
28. Ba2+ Kf8 29. Be6 Re7 30. Bg3 Rd8 31. Rc2 Ng4 32. Re1 Rh7 33. Bh2 c5 34. d5
Bxd5 35. Bxd5 Rxd5 36. e4 Rd3 37. Rg2 Nxh2 38. Rxh2 Rxh2 39. Kxh2 Rd2+ 40. Kg3
Rxb2 41. e5 1/2-1/2

[Event "Druzynowe Mistrzostwa Polski Juniorow 2019 - II Liga"]
[Site "Szczyrk"]
[Date "1899-12-30"]
[Round "5.60"]
[White "Ziobrowska, Maja"]
[Black "Walendykiewicz, Martyna"]
[Result "1/2-1/2"]
[WhiteTitle "I"]
[BlackTitle "I"]
[WhiteElo "1491"]
[BlackElo "1221"]

1. e4 e5 2. Nf3 Nf6 3. Nxe5 d6 4. Nf3 Nxe4 5. Be2 Nc6 6. d4 d5 7. O-O Be7 8. Re1
Bg4 9. c4 Nf6 10. Nc3 O-O 11. Bf4 Bb4 12. a3 Bxc3 13. bxc3 Bxf3 14. Bxf3 dxc4
15. d5 Na5 16. Bg3 Qd7 17. Rb1 Rfe8 18. Rxe8+ Rxe8 19. h3 Ne4 20. Bxe4 Rxe4 21.
Qf3 Re8 22. Rd1 h6 23. Qf4 Rc8 24. Qd4 b6 25. Re1 Rd8 26. Kh2 Kf8 27. Rd1 Re8
28. Qf4 Rc8 29. Qe5 Qe7 30. Qf5 Qe8 31. f3 Nb7 32. Qh7 f6 33. Re1 Qd8 34. Re6
Kf7 35. Qe4 Nc5 1/2-1/2

[Event "Druzynowe Mistrzostwa Polski Juniorow 2019 - II Liga"]
[Site "Szczyrk"]
[Date "1899-12-30"]
[Round "5.61"]
[White "Kijkowski, Michal"]
[Black "Tustanowski, Mateusz"]
[Result "1/2-1/2"]
[WhiteTitle "I"]
[BlackTitle "I++"]
[WhiteElo "1789"]
[BlackElo "1948"]

1. e4 d5 2. exd5 Qxd5 3. Nc3 Qd8 4. d4 g6 5. Nf3 Bg7 6. Be2 Nf6 7. O-O O-O 8. Ne5
Nfd7 9. Nxd7 Qxd7 10. d5 Rd8 11. Bf3 c6 12. dxc6 Qxd1 13. Rxd1 Rxd1+ 14. Nxd1
Nxc6 15. c3 Ne5 16. Be2 b6 17. f4 Bg4 18. Kf2 Nd3+ 19. Bxd3 Bxd1 20. Be3 Ba4 21.
b3 Bc6 22. Rc1 Rd8 23. Be2 e5 24. fxe5 Bxe5 25. g3 h5 26. c4 Rd6 27. Rd1 Rf6+
28. Kg1 Re6 29. Kf2 h4 30. Rd8+ Kg7 31. Bd4 hxg3+ 32. hxg3 Bxd4+ 33. Rxd4 a5 1/2-1/2

[Event "Druzynowe Mistrzostwa Polski Juniorow 2019 - II Liga"]
[Site "Szczyrk"]
[Date "1899-12-30"]
[Round "5.62"]
[White "Kukula, Karol"]
[Black "Budny, Piotr"]
[Result "1-0"]
[WhiteTitle "I"]
[BlackTitle "II"]
[WhiteElo "1770"]
[BlackElo "1426"]

1. e4 e6 2. d4 d5 3. Nd2 c5 4. exd5 Qxd5 5. Ngf3 Nc6 6. Bc4 Qd8 7. Nb3 cxd4 8.
Nbxd4 Nxd4 9. Qxd4 Qxd4 10. Nxd4 a6 11. Be3 Nf6 12. O-O-O Bc5 13. Kb1 Be7 14.
Rhe1 O-O 15. Bg5 Re8 16. a4 h6 17. Bh4 Nd5 18. Bxe7 Nxe7 19. Nb3 Nc6 20. Rd6 Rb8
21. Bxa6 bxa6 22. Rxc6 Bb7 23. Rb6 Bxg2 24. Rxa6 Rec8 25. Nc1 Bd5 26. b3 Rc3 27.
Re3 Rxe3 28. fxe3 Rb4 29. Kb2 Rh4 30. Nd3 g5 31. c4 Rxh2+ 32. Kc3 Be4 33. c5 g4
34. c6 Bxc6 35. Rxc6 g3 36. Ne1 g2 37. Nxg2 Rxg2 38. a5 Kg7 39. Rc4 h5 40. a6
Kh6 41. Ra4 Rg8 42. a7 Ra8 43. Kd2 Kg5 44. Ke2 f5 45. b4 Kg4 46. b5+ Kg3 47. b6
1-0

[Event "Druzynowe Mistrzostwa Polski Juniorow 2019 - II Liga"]
[Site "Szczyrk"]
[Date "1899-12-30"]
[Round "5.63"]
[White "Nawalaniec, Adam"]
[Black "Pisarek, Jan"]
[Result "1/2-1/2"]
[WhiteTitle "II"]
[BlackTitle "I"]
[WhiteElo "1318"]
[BlackElo "1616"]

1. e4 c5 2. Nf3 Nc6 3. d4 cxd4 4. Nxd4 Nf6 5. Nc3 e5 6. Nb3 Bb4 7. f3 d5 8. exd5
Nxd5 9. Bd2 Be6 10. Nxd5 Qxd5 11. c3 Be7 12. c4 Qd8 13. Bc3 Qc7 14. a3 Bf5 15.
Nd2 Rd8 16. b4 O-O 17. Be2 Nd4 18. Bxd4 exd4 19. Ne4 Bxe4 20. fxe4 f5 21. Qd3
fxe4 22. Qxe4 Rfe8 23. Qd3 Bf6 24. O-O Re3 25. Qd2 Rde8 26. Bd3 Qe7 27. Qc2 g6
28. Rad1 Kg7 29. Rd2 Re1 30. Rdf2 Rxf1+ 31. Rxf1 Bg5 32. c5 Be3+ 33. Kh1 Rf8 34.
Rxf8 Qxf8 35. Bc4 Qf6 36. Qe4 Qf2 37. Qb1 Qd2 38. Qd3 Qc1+ 39. Qf1 Qxf1+ 40. Bxf1
Bc1 41. a4 Ba3 42. b5 Bxc5 43. g3 Kf6 44. Kg2 Ke5 45. Kf3 Be7 46. a5 b6 47. axb6
axb6 48. Bc4 1/2-1/2

[Event "Druzynowe Mistrzostwa Polski Juniorow 2019 - II Liga"]
[Site "Szczyrk"]
[Date "1899-12-30"]
[Round "5.64"]
[White "Duda, Leon"]
[Black "Klim, Juliusz"]
[Result "1/2-1/2"]
[WhiteTitle "II"]
[BlackTitle "II"]
[WhiteElo "1272"]
[BlackElo "1220"]

1. e4 e5 2. Nf3 Nc6 3. Bc4 Bc5 4. c3 Nf6 5. d4 exd4 6. e5 d5 7. Be2 Ne4 8. cxd4
Bb4+ 9. Bd2 Nxd2 10. Nbxd2 Bg4 11. O-O O-O 12. a3 Bxd2 13. Qxd2 f6 14. Rac1 Kh8
15. Rfe1 Qe7 16. Kh1 Rad8 17. Bb5 Bxf3 18. Bxc6 bxc6 19. gxf3 fxe5 20. Rxe5 Qf6
21. Qe3 h6 22. Re7 Qxf3+ 23. Qxf3 Rxf3 24. Kg2 Rdf8 25. Rc2 Rd3 26. Rxc7 Rxd4
27. R7xc6 Rg4+ 28. Kf1 Rf7 29. Rd6 Rd4 30. Ke1 Re7+ 31. Re2 Rc7 32. Rd2 Rc1+ 33.
Ke2 Rxd2+ 34. Kxd2 Rh1 35. Rxd5 Rxh2 36. Ke2 Rh4 37. b4 Re4+ 38. Kf3 Re7 39. a4
g5 40. b5 Kg7 41. a5 Kg6 42. b6 axb6 43. axb6 Rb7 44. Rb5 h5 45. Ke4 h4 46. Kd5
h3 47. Kc6 Rb8 48. Kc7 Rh8 49. Rb1 Kf5 50. b7 Kf4 51. b8=Q Rxb8 52. Rxb8 Kf3 53.
Rb3+ Kxf2 54. Rxh3 g4 55. Rh8 g3 56. Rf8+ Kg1 57. Kd6 g2 58. Ke5 Kh2 59. Rh8+
Kg3 60. Rg8+ Kf2 61. Rf8+ Ke2 62. Rg8 Kf2 63. Ke4 1/2-1/2

[Event "Druzynowe Mistrzostwa Polski Juniorow 2019 - II Liga"]
[Site "Szczyrk"]
[Date "1899-12-30"]
[Round "5.65"]
[White "Michalska, Aleksandra"]
[Black "Pisarek, Elzbieta"]
[Result "1/2-1/2"]
[WhiteTitle "I++"]
[BlackTitle "I"]
[WhiteElo "1741"]
[BlackElo "1605"]

1. e4 d5 2. exd5 Qxd5 3. Nc3 Qd8 4. h3 g6 5. Nf3 Bg7 6. Bc4 Nf6 7. d3 O-O 8. Bf4
a6 9. a4 b6 10. O-O Bb7 11. Re1 Nc6 12. Ba2 e6 13. Qd2 Nb4 14. Ne4 Nxa2 15. Rxa2
Re8 16. c4 Qe7 17. Qe3 Nxe4 18. dxe4 e5 19. Bg3 Qb4 20. b3 Rad8 21. Ree2 f6 22.
Red2 Bf8 23. Rd3 Bc5 24. Qe2 Rxd3 25. Qxd3 Be7 26. Qd7 Rd8 27. Qxc7 Bxe4 28. Rd2
Rxd2 29. Nxd2 Bf5 30. Nf1 Qd6 31. Qb7 a5 32. Ne3 Be6 33. f3 Kf7 34. Bf2 Kg8 35.
Nd5 Bxd5 36. cxd5 Bd8 37. Kf1 Qc7 38. Qa6 Kf7 39. Qd3 Qd6 40. Ke2 Ke7 41. g4 Qb4
42. h4 Bc7 43. h5 Kf7 44. hxg6+ hxg6 45. Be1 Qc5 46. Bf2 Qb4 47. Be1 Qc5 48. Bf2
1/2-1/2

[Event "Druzynowe Mistrzostwa Polski Juniorow 2019 - II Liga"]
[Site "Szczyrk"]
[Date "1899-12-30"]
[Round "5.66"]
[White "Bialek, Alicja"]
[Black "Dzierzgowska, Jagoda"]
[Result "1-0"]
[WhiteTitle "I"]
[BlackTitle "II+"]
[WhiteElo "1367"]
[BlackElo "1000"]

1. e4 e6 2. d4 d5 3. exd5 exd5 4. Nf3 Bg4 5. h3 Bh5 6. Be3 Nf6 7. c4 Bb4+ 8. Nc3
Ne4 9. Qb3 Bxc3+ 10. bxc3 Bxf3 11. gxf3 Nf6 12. Qxb7 Nbd7 13. cxd5 O-O 14. c4
Re8 15. Bd3 Nb6 16. Kf1 h6 17. Qa6 Kh8 18. Qa3 Qe7 19. Qc1 Qf8 20. Rg1 Ng8 21.
Bf4 Qe7 22. Be5 f6 23. Bf4 Qd7 24. Rg3 g5 25. Bd2 a5 26. h4 gxh4 27. Rg4 a4 28.
Bxh6 Re7 29. Rxh4 f5 30. Qg5 Nxh6 31. Rxh6+ Rh7 32. Bxf5 Rg8 33. Qf6+ Rgg7 34.
Rxh7+ Kg8 35. Bxd7 Rxh7 36. Be6+ Rf7 37. Qxf7+ Kh8 38. Qf8+ Kh7 39. Bf5# 1-0

[Event "Druzynowe Mistrzostwa Polski Juniorow 2019 - II Liga"]
[Site "Szczyrk"]
[Date "1899-12-30"]
[Round "5.67"]
[White "Jarzebowski, Kacper"]
[Black "Niemier, Hubert"]
[Result "1-0"]
[WhiteTitle "k"]
[BlackTitle "I"]
[WhiteElo "1987"]
[BlackElo "1764"]

1. d4 d6 2. e4 e5 3. dxe5 dxe5 4. Qxd8+ Kxd8 5. Bc4 f6 6. Be3 Nd7 7. Nc3 c6 8.
a4 Bc5 9. Ke2 Bxe3 10. Kxe3 Nh6 11. f3 Ke7 12. Nge2 Nb6 13. Bb3 Be6 14. Bxe6 Kxe6
15. b3 a5 16. Rad1 Rad8 17. Rd3 Nf7 18. Rhd1 Rd6 19. h4 Nd7 20. Nc1 Nc5 21. Rxd6+
Nxd6 22. Nd3 Na6 23. h5 Rd8 24. g3 Rc8 25. Ra1 Rc7 26. Nd1 g6 27. N1b2 Rg7 28.
Rh1 g5 29. c4 c5 30. Nd1 b6 31. Nc3 Ne8 32. Nd5 Rb7 33. f4 gxf4+ 34. gxf4 Nb4
35. N3xb4 axb4 36. Rg1 exf4+ 37. Kxf4 Ng7 38. h6 Nh5+ 39. Kg4 Ng7 40. Nxb6 Rxb6
41. hxg7 Kf7 42. Kf5 Kg8 43. e5 fxe5 44. Kxe5 h5 45. Kd5 h4 46. Kxc5 Rb8 47. a5
h3 48. a6 h2 49. Rh1 1-0

[Event "Druzynowe Mistrzostwa Polski Juniorow 2019 - II Liga"]
[Site "Szczyrk"]
[Date "1899-12-30"]
[Round "5.68"]
[White "Chaczynski, Kamil"]
[Black "Dalkowski, Rafal"]
[Result "1-0"]
[WhiteTitle "I"]
[BlackTitle "II+"]
[WhiteElo "1738"]
[BlackElo "1731"]

1. e4 c5 2. Nf3 Nc6 3. d4 cxd4 4. Nxd4 Nf6 5. Nc3 e5 6. Ndb5 d6 7. Bg5 a6 8. Na3
b5 9. Nd5 Be7 10. Bxf6 Bxf6 11. c3 Bg5 12. Nc2 Rb8 13. Bd3 Be6 14. Nce3 O-O 15.
O-O Ne7 16. Be2 Kh8 17. Nxe7 Qxe7 18. Qd3 Bxe3 19. Qxe3 d5 20. Rfd1 Rfd8 21. exd5
Bxd5 22. Rd2 f6 23. a4 Bg8 24. axb5 Rxd2 25. Qxd2 axb5 26. Qc2 b4 27. c4 Qc5 28.
b3 Be6 29. Qd2 e4 30. Ra6 Bg8 31. Qd6 Qc8 32. h3 Qe8 33. Bh5 Qc8 34. Bg4 Qb7 35.
Be6 e3 36. fxe3 Bxe6 37. Qxe6 Rd8 38. Rd6 Ra8 39. Qd5 Qb8 40. c5 h5 41. c6 Qe8
42. e4 Qg6 43. c7 Ra1+ 44. Kh2 1-0